Statistics for European Golden Boot Winners

Click here to take the quiz!

General Stats

  • This quiz has been taken 1,721 times
  • The average score is 7 of 25

Answer Stats

YearGoals ScoredAnswer% Correct
1996-9734Ronaldo
99%
2011-1250Lionel Messi
98%
2009/1034Lionel Messi
98%
2003-0430Thierry Henry
64%
2004-0525Thierry Henry
64%
2010-1140Cristiano Ronaldo
54%
2007-0831Cristiano Ronaldo
54%
2008-0932Diego Forlan
24%
2004-0525Diego Forlan
24%
2006-0726Francesco Totti
22%
2005-0631Luca Toni
16%
1989-9038Hristo Stoichkov
15%
1999-0030Kevin Phillips
15%
2000-0135Henrik Larsson
12%
2001-0242Mario Jardel
12%
1998-9936Mario Jardel
12%
2002-0329Roy Makaay
12%
1989-9038Hugo Sanchez
9%
1992-9334Ally McCoist
7%
1991-9234Ally McCoist
7%
1990-9134Darko Pancev
3%
1997-9834Nikos Machlas
3%
1993-9443David Taylor
2%
1995-9640Zviad Endeladze
1%
1994-9539Arsen Avestisyan
0%

Score Distribution

Percentile by Number Answered

Percent of People with Each Score

Your Score History

You have not taken this quiz